00429nam a2200145Ia 4500008004100000082001200041082000800053245007800061245000800139260000800147300000900155942000800164999001900172952009200191231017s9999 xx 000 0 und d a624.176 bBSI 0aLoading for Buildings Part 1: Code of Practice for Dead and Imposed Loads 0cBSI bBSI c30cm cREP c603838d603838 00104070aNITbNITd2023-10-17l0o624.176 BSIpNIT-2852r2023-10-17w2023-10-17yREP